Liste des 23 - Equipe de l'Angleterre - Coupe du monde 2018 - Statistiques

Statistiques générales
  • Ce quiz a été pris 398 fois
  • Le résultat moyen est 12 sur 23
Statistiques - réponses
Poste Numéro Joueurs % Correct
A 9 Harry Kane
96%
G 1 Jordan Pickford
88%
M 10 Raheem Sterling
81%
D 6 Harry Maguire
79%
D 2 Kyle Walker
77%
A 19 Marcus Rashford
76%
M 8 Jordan Henderson
75%
D 5 John Stones
74%
D 22 Trent Alexander-Arnold
64%
D 12 Kieran Trippier
63%
M 20 Dele Alli
61%
A 11 Jamie Vardy
46%
G 23 Nick Pope
46%
M 4 Eric Dier
43%
M 7 Jesse Lingard
42%
D 3 Danny Rose
36%
G 13 Jack Butland
32%
D 16 Phil Jones
32%
D 15 Gary Cahill
24%
A 14 Danny Welbeck
21%
D 18 Ashley Young
19%
M 21 Ruben Loftus-Cheek
14%
M 17 Fabian Delph
10%
Aucun quiz correspondant
Distribution des résultats
% des personnes avec chaque résultat
Percentile par nombre de réponses
Votre historique - résultats
Vous n’avez pas pris ce quiz